PEMBANGUNAN KURIKULUM PENDIDIKAN TEKNIKAL DAN VOKASIONAL / (Record no. 204334)

MARC details
000 -LEADER
fixed length control field 01178nam a2200337 i 4500
005 - DATE AND TIME OF LATEST TRANSACTION
control field 20260622122510.0
008 - FIXED-LENGTH DATA ELEMENTS--GENERAL INFORMATION
fixed length control field 260517t20242024my gr a001 0dmay d
020 ## - INTERNATIONAL STANDARD BOOK NUMBER
International Standard Book Number 9789835220074
Terms of availability RM60.00
Qualifying information paperback
040 ## - CATALOGING SOURCE
Original cataloging agency PPAK
Language of cataloging eng
Transcribing agency PPAK
Description conventions rda
082 04 - DEWEY DECIMAL CLASSIFICATION NUMBER
Edition number 23
Classification number 378.199
090 00 - LOCALLY ASSIGNED LC-TYPE CALL NUMBER (OCLC); LOCAL CALL NUMBER (RLIN)
Classification number (OCLC) (R) ; Classification number, CALL (RLIN) (NR) 378.199
Feature heading MUH
Feature heading G
100 0# - MAIN ENTRY--PERSONAL NAME
Personal name Muhammad Sukri Saud,
Relator term author.
245 10 - TITLE STATEMENT
Title PEMBANGUNAN KURIKULUM PENDIDIKAN TEKNIKAL DAN VOKASIONAL /
Statement of responsibility, etc. Muhammad Sukri Saud, Yusri Kamin ; Editor: MOHD. AZHAR ABD. HAMID
250 ## - EDITION STATEMENT
Edition statement Edisi Pertama 2024
264 #1 - PRODUCTION, PUBLICATION, DISTRIBUTION, MANUFACTURE, AND COPYRIGHT NOTICE
Place of production, publication, distribution, manufacture Johor Bahru, Johor :
Name of producer, publisher, distributor, manufacturer PENERBIT UTM PRESS,
Date of production, publication, distribution, manufacture, or copyright notice 2024
Date of production, publication, distribution, manufacture, or copyright notice ©2024
300 ## - PHYSICAL DESCRIPTION
Extent xii, 189 pages ;
Dimensions 23 cm
336 ## - CONTENT TYPE
Content type term text
Source rdacontent
337 ## - MEDIA TYPE
Media type term unmediated
Source rdamedia
338 ## - CARRIER TYPE
Carrier type term volume
Source rdacarrier
500 ## - GENERAL NOTE
General note Includes index.
504 ## - BIBLIOGRAPHY, ETC. NOTE
Linkage Bibliography: page [185].
650 10 - SUBJECT ADDED ENTRY--TOPICAL TERM
Topical term or geographic name entry element Technical education
General subdivision Curricula
Topical term or geographic name entry element Vocational education
General subdivision Curricula
Topical term or geographic name entry element Curriculum planning
Topical term or geographic name entry element Education
General subdivision Curricula
Topical term or geographic name entry element Government publications
Geographic subdivision Malaysia
700 0# - ADDED ENTRY--PERSONAL NAME
Personal name Yusri Kamin,
Relator term author.
Personal name Mohd. Azhar Abd. Hamid,
Relator term editor.
942 ## - ADDED ENTRY ELEMENTS (KOHA)
Source of classification or shelving scheme Dewey Decimal Classification
Koha item type Book

No items available.